An introduction to formal languages and automata

Spremljeno u:
Bibliografski detalji
Glavni autor: Linz, Peter
Format: Knjiga
Izdano: Viva
Oznake: Dodaj oznaku
Bez oznaka, Budi prvi tko označuje ovaj zapis!

MARC

LEADER 00000nam a2200000Ia 4500
005 20260515061616.0
100 |a Linz, Peter. 
020 |a 9789384323219 
942 |c BK 
245 |a An introduction to formal languages and automata  
260 |b Viva 
999 |c 44  |d 44 
952 |0 0  |1 0  |4 0  |7 0  |a ABDN  |b ABDN  |d 2026-05-15  |l 0  |p 000029  |r 2026-05-15 06:16:16  |w 2026-05-15  |y BK